Management of financial services / (Record no. 209048)
[ view plain ]
| 000 -LEADER | |
|---|---|
| fixed length control field | 00655nam a2200205Ia 4500 |
| 005 - DATE AND TIME OF LATEST TRANSACTION | |
| control field | 20220128144019.0 |
| 008 - FIXED-LENGTH DATA ELEMENTS--GENERAL INFORMATION | |
| fixed length control field | 210716s2014 xx 000 0 und d |
| 020 ## - INTERNATIONAL STANDARD BOOK NUMBER | |
| International Standard Book Number | 9789325976023 |
| 040 ## - CATALOGING SOURCE | |
| Transcribing agency | AIMIT LIBRARY |
| 041 ## - LANGUAGE CODE | |
| Language code of text/sound track or separate title | eng |
| 082 ## - DEWEY DECIMAL CLASSIFICATION NUMBER | |
| Classification number | 332.17 |
| Edition number | 1 |
| Item number | GOPC |
| 100 ## - MAIN ENTRY--PERSONAL NAME | |
| Personal name | Gopal, C A C Rama. |
| 9 (RLIN) | 15075 |
| 245 ## - TITLE STATEMENT | |
| Title | Management of financial services / |
| Statement of responsibility, etc. | By C A C Rama Gopal. |
| 250 ## - EDITION STATEMENT | |
| Edition statement | 1st |
| 260 ## - PUBLICATION, DISTRIBUTION, ETC. | |
| Place of publication, distribution, etc. | New Delhi: |
| Name of publisher, distributor, etc. | Vikas Publishing House Pvt Ltd, |
| Date of publication, distribution, etc. | 2014. |
| 300 ## - PHYSICAL DESCRIPTION | |
| Extent | xxi,569p.; |
| Dimensions | 24cm. |
| 650 ## - SUBJECT ADDED ENTRY--TOPICAL TERM | |
| Topical term or geographic name entry element | Money Market Instruments |
| 9 (RLIN) | 15076 |
| 650 ## - SUBJECT ADDED ENTRY--TOPICAL TERM | |
| Topical term or geographic name entry element | Regulatory Framework for Financial Services in India |
| 9 (RLIN) | 15077 |
| 942 ## - ADDED ENTRY ELEMENTS (KOHA) | |
| Source of classification or shelving scheme | Dewey Decimal Classification |
| Koha item type | Book |
| Edition | 1st |
| Call number prefix | 332.17 GOPC |
| Withdrawn status | Lost status | Source of classification or shelving scheme | Damaged status | Not for loan | Collection code | Home library | Current library | Date acquired | Cost, normal purchase price | Inventory number | Total Checkouts | Full call number | Barcode | Date last seen | Cost, replacement price | Price effective from | Koha item type |
|---|---|---|---|---|---|---|---|---|---|---|---|---|---|---|---|---|---|
| Dewey Decimal Classification | Reference Book | MBA | St Aloysius Institute of Management & Information Technology | St Aloysius Institute of Management & Information Technology | 03/13/2015 | 375.00 | Bill no:1408; Bill dt:2015-03-12 | 332.17 GOPC | MBA11614 | 07/21/2025 | 281.25 | 07/16/2021 | Book | ||||
| Dewey Decimal Classification | MBA | St Aloysius Institute of Management & Information Technology | St Aloysius Institute of Management & Information Technology | 03/13/2015 | 375.00 | Bill no:1408; Bill dt:2015-03-12 | 332.17 GOPC | MBA11615 | 05/23/2026 | 281.25 | 07/16/2021 | Book | |||||
| Dewey Decimal Classification | MBA | St Aloysius Institute of Management & Information Technology | St Aloysius Institute of Management & Information Technology | 03/13/2015 | 375.00 | Bill no:1408; Bill dt:2015-03-12 | 332.17 GOPC | MBA11616 | 05/23/2026 | 281.25 | 07/16/2021 | Book |